Score 0/20 Timer 02:00
0 Plays Today
Literary Work W-Word % Correct
Gone with the ___Wind
98.1%
Charlotte's ___Web
97.2%
A Room ___ a ViewWith
96.5%
___ the Wild Things AreWhere
96.5%
And Then There ___ NoneWere
95.6%
The Man ___ Loved ChildrenWho
94.6%
The Lion, the Witch, and the ___Wardrobe
93.9%
Brave New ___World
92.9%
The Grapes of ___ Wrath
92.5%
The Call of the ___Wild
91%
Literary Work W-Word % Correct
___ NoiseWhite
86.2%
The Wind in the ___Willows
67.9%
Something ___ This Way ComesWicked
54.3%
Their Eyes Were ___ GodWatching
51.1%
___ DownWatership
43.9%
Finnegans ___Wake
39.6%
___ in LoveWomen
36.4%
The ___ of All FleshWay
35.9%
___ Sargasso SeaWide
25.1%
The Lair of the White ___Worm
8.9%

Today's Daily Dose

You're not logged in!

Compare scores with friends on all Sporcle quizzes.
OR
Log In

Sporcle TV

Today on Sporcle TV


Watch our educational content, quiz creation guides, and fun videos on Sporcle TV.

Show Comments

Extras

Top Quizzes Today


Score Distribution

Your Account Isn't Verified!

In order to create a playlist on Sporcle, you need to verify the email address you used during registration. Go to your Sporcle Settings to finish the process.

Report this User

Report this user for behavior that violates our Community Guidelines.

Details: